000 00566nam a2200241 a 4500
001 nice12345678
003 IN_TiNIC
005 20260116011918.0
008 050524s0000 dela grp 000 0 urd
020 _a
_c5
082 0 0 _a297.32
_bTHA
100 _aThanwi, Ashraf Ali
245 _aAamal-I-Qurani
260 _aDelhi
_bTaj Publishers
_c0000
300 _a160p
500 _aincludes index and biblioraphy
505 2 _aIndex
650 _aIslam-Prayers-quranic
700 1 _aThanwi, Ashraf Ali
902 _bSRS
942 _cBK
999 _c4891
_d4891